Asian Textile Journal (Record no. 9404)
[ view plain ]
| 000 -LEADER | |
|---|---|
| fixed length control field | 00401nam a22001217a 4500 |
| 003 - CONTROL NUMBER IDENTIFIER | |
| control field | OSt |
| 008 - FIXED-LENGTH DATA ELEMENTS--GENERAL INFORMATION | |
| fixed length control field | 201203b ||||| |||| 00| 0 eng d |
| 245 ## - TITLE STATEMENT | |
| Title | Asian Textile Journal |
| 250 ## - EDITION STATEMENT | |
| Edition statement | 2018( Jan Vol.27 No.1, Mar Vol.27 No.3, Apr Vol.27 No.4, May Vol.27 No.5, Jun Vol.27 No.6, Jul Vol.27 No.7 ) |
| 260 ## - PUBLICATION, DISTRIBUTION, ETC. (IMPRINT) | |
| Place of publication, distribution, etc | Mumbai |
| Name of publisher, distributor, etc | SB Dyesprings [INDIA] Pvt. Ltd. |
| 650 ## - SUBJECT ADDED ENTRY--TOPICAL TERM | |
| Topical term or geographic name as entry element | Textile Engineering |
| 942 ## - ADDED ENTRY ELEMENTS (KOHA) | |
| Source of classification or shelving scheme | Dewey Decimal Classification |
| Koha item type | BOUND VOLUME |
| Withdrawn status | Lost status | Source of classification or shelving scheme | Materials specified (bound volume or other part) | Damaged status | Not for loan | Collection code | Home library | Current library | Date acquired | Source of acquisition | Serial Enumeration / chronologySerial Enumeration / Volume No. | Total Checkouts | Acc. no. / Barcode | Date last seen | Bill Date | Koha item type |
|---|---|---|---|---|---|---|---|---|---|---|---|---|---|---|---|---|
| Dewey Decimal Classification | Bound Volume | Not For Loan | B.Tech(TE) | PIET C-LIBRARY | PIET C-LIBRARY | 05/12/2020 | SB Dyesprings [INDIA] Pvt. Ltd. | 2018( Jan Vol.27 No.1, Mar Vol.27 No.3, Apr Vol.27 No.4, May Vol.27 No.5, Jun Vol.27 No.6, Jul Vol.27 No.7 ) | BV79 | 05/12/2020 | 09/01/2018 | BOUND VOLUME |